| 000 | 00473nam a2200217 454500 | ||
|---|---|---|---|
| 001 | 084298 | ||
| 003 | BD-ChCU | ||
| 008 | Eng | ||
| 020 | _a | ||
| 040 |
_aDLC _cDLC _dBD-ChCU |
||
| 082 | 0 | 0 | _a621.47/G411s |
| 100 | 1 |
_aGhosh, G.K _b- |
|
| 245 | 1 | 0 |
_aSolar energy : _bthe infinite source |
| 250 | _a- | ||
| 260 |
_aNew Delhi _bAPH Pub. _c2008 |
||
| 300 | _aVIII, 122 | ||
| 504 | _a | ||
| 650 | 0 |
_aSolar energy _bSolar energy |
|
| 700 | 1 | _ax | |
| 942 |
_2ddc _cBK |
||
| 999 |
_c84298 _d84298 |
||